| 000 | 00971nam a2200241 a 4500 | ||
|---|---|---|---|
| 005 | 20210223131031.0 | ||
| 008 | 090630s2005 mx r 000 0 spa d | ||
| 020 | _a9685208352 | ||
| 035 | _aUPN01000171542 | ||
| 049 | _aCE | ||
| 050 | 4 |
_aNE546 M3.6 _bM6.6 |
|
| 100 | 1 |
_aManilla, Manuel, _d1830-1890? |
|
| 245 | 1 | 0 |
_aMonografía de 598 estampas de Manuel Manilla grabador mexicano = _bMonograph of 598 prints by Manuel Manilla mexican engraver / _cManuel Manilla ; [comp.] Mercurio López Casillas ; texto introductorio de Jean Charlot. |
| 260 |
_aMéxico : _bRM, _c2005. |
||
| 300 |
_a207 p. : _bprincipalmente il. (algunas col.) |
||
| 500 | _aTexto en español e inglés | ||
| 600 | 1 | 4 |
_aMANILLA, MANUEL, _d1830-1890? |
| 600 | 1 | 4 |
_aMANILLA, MANUEL, _d1830-1890? - _vCATALOGOS _924704 |
| 650 | 1 | 4 |
_aGRABADORES MEXICANOS _95580 |
| 700 | 1 |
_aLópez Casillas, Mercurio, _ecomp. |
|
| 740 | 0 | _aMonograph of 598 prints by Manuel Manilla, mexican engraver | |
| 905 | _aLibro | ||
| 999 |
_c143647 _d143647 |
||